Вопросы учета и налогообложения операций с ценными бумагами

Podrobná bibliografie
Hlavní autor: Рябова Р. И. Раиса Ивановна
Další autoři: Иванова О. В. Ольга Владимировна
Shrnutí:Исключено из фонда НТБ ТПУ
Jazyk:ruština
Vydáno: Москва, Налоговый вестник, 2000
Edice:Приложение к журналу "Налоговый вестник"
Médium: Kniha
KOHA link:https://koha.lib.tpu.ru/cgi-bin/koha/opac-detail.pl?biblionumber=7794

MARC

LEADER 00000nam0a2200000 4500
001 7794
005 20231030181327.0
010 |a 5930940177 
035 |a (RuTPU)RU\TPU\book\7839 
035 |a BOOK00007898 
090 |a 7794 
100 |a 20011209d2000 m y0rusy50 ca 
101 0 |a rus 
102 |a RU 
105 |a y z 000zy 
200 1 |a Вопросы учета и налогообложения операций с ценными бумагами  |f Р. И. Рябова, О. В. Иванова 
210 |a Москва  |c Налоговый вестник  |d 2000 
215 |a 272 с. 
225 1 |a Приложение к журналу "Налоговый вестник" 
333 |a Исключено из фонда НТБ ТПУ 
700 1 |a Рябова  |b Р. И.  |g Раиса Ивановна 
701 1 |a Иванова  |b О. В.  |g Ольга Владимировна 
801 0 |a RU  |b 63413507  |c 20011209  |g PSBO 
801 2 |a RU  |b 63413507  |c 20210930  |g PSBO 
942 |c BK